[Event "2. Bundesliga Ost 2017/2018"]
[Site "alle Wien"]
[Date "2018.02.24"]
[Round "8"]
[Board "3"]
[White "Fieberg, Samuel"]
[Black "Maslik, Miroslav"]
[Result "0-1"]
[WhiteElo "2302"]
[BlackElo "2355"]
[PlyCount "54"]
[EventDate "2017.10.21"]
[EventType "team"]
[EventRounds "11"]
[EventCountry "AUT"]
[WhiteTeam "SK Advisory Invest Baden"]
[BlackTeam "ASVOE Pamhagen 2"]

1. e4 e6 2. d4 d5 3. Nd2 h6 4. Bd3 c5 5. dxc5 Bxc5 6. Ngf3 Nc6 7. c3 Nge7 8.
O-O O-O 9. Re1 Qc7 10. Qe2 Ng6 11. exd5 Nf4 12. Qf1 exd5 13. h3 Bxh3 14. Nb3
Nxd3 15. Qxd3 Qg3 16. Qf1 Bb6 17. Kh1 Qxf3 18. gxf3 Bxf1 19. Rxf1 Rfe8 20. Kg2
Re2 21. Bd2 Na5 22. Rad1 Nc4 23. Bc1 Nxb2 24. Nd4 Nxd1 25. Nxe2 Re8 26. Ng3
Nxc3 27. Bb2 d4  0-1

[Event "2. Bundesliga Ost 2017/2018"]
[Site "alle Wien"]
[Date "2018.02.24"]
[Round "8"]
[Board "4"]
[White "Alvir, Aco"]
[Black "Zojer, Stefan"]
[Result "1-0"]
[WhiteElo "2337"]
[BlackElo "2128"]
[PlyCount "91"]
[EventDate "2017.10.21"]
[EventType "team"]
[EventRounds "11"]
[EventCountry "AUT"]
[WhiteTeam "ASVOE Pamhagen 2"]
[BlackTeam "SK Advisory Invest Baden"]

1. e4 e5 2. Nf3 Nc6 3. Bc4 Bc5 4. O-O d6 5. c3 Nf6 6. d3 a6 7. Bb3 h6 8. Nbd2
O-O 9. Re1 Ba7 10. Nf1 Re8 11. Ng3 Ne7 12. Be3 Bxe3 13. Rxe3 Ng6 14. d4 Bd7 15.
Qd2 Nf4 16. Ree1 g5 17. dxe5 dxe5 18. Rad1 Qc8 19. Bc4 Bg4 20. Qe3 b5 21. Bf1
Qe6 22. h3 Bxf3 23. Qxf3 Qxa2 24. Nf5 Kh7 25. g3 N4h5 26. c4 b4 27. b3 Red8 28.
Rd5 Rxd5 29. cxd5 Qc2 30. Bc4 Qc3 31. Qd1 Ng7 32. Re3 Qb2 33. Re2 Qa3 34. Ne7
Nd7 35. Nc6 Nb6 36. Nxe5 f6 37. Ng4 Nxc4 38. bxc4 b3 39. Nxf6+ Kg6 40. e5 Rb8
41. Qb1+ Kf7 42. Nd7 Rb7 43. Qh7 Qa1+ 44. Kg2 c6 45. e6+ Ke7 46. Qg8  1-0

[Event "2. Bundesliga Ost 2017/2018"]
[Site "alle Wien"]
[Date "2018.02.24"]
[Round "8"]
[Board "5"]
[White "Hofegger, Jakob"]
[Black "Franzen, Jozef"]
[Result "1/2-1/2"]
[WhiteElo "2117"]
[BlackElo "2267"]
[PlyCount "66"]
[EventDate "2017.10.21"]
[EventType "team"]
[EventRounds "11"]
[EventCountry "AUT"]
[WhiteTeam "SK Advisory Invest Baden"]
[BlackTeam "ASVOE Pamhagen 2"]

1. Nf3 Nf6 2. g3 g6 3. Bg2 Bg7 4. O-O O-O 5. d3 d6 6. e4 e5 7. c3 Re8 8. Re1
Nbd7 9. Nbd2 a5 10. d4 Nb6 11. h3 Bd7 12. Qc2 Rc8 13. Nf1 exd4 14. Nxd4 d5 15.
e5 c5 16. Nb3 Bf5 17. Qd1 Nfd7 18. f4 f6 19. g4 Be4 20. Bxe4 dxe4 21. exf6 Qxf6
22. Nxa5 Rc7 23. Ng3 Qh4 24. Kg2 Nf6 25. Qb3+ Nbd5 26. g5 c4 27. Nxc4 Nh5 28.
Nxh5 Qxe1 29. Nd6 Qe2+ 30. Kg1 Qe1+ 31. Kg2 Qe2+ 32. Kg1 Qe1+ 33. Kg2 Qe2+
 1/2-1/2

[Event "2. Bundesliga Ost 2017/2018"]
[Site "alle Wien"]
[Date "2018.02.24"]
[Round "8"]
[Board "6"]
[White "Lovrinovic, Christian"]
[Black "Juenger, Heinz"]
[Result "0-1"]
[WhiteElo "2142"]
[BlackElo "2116"]
[PlyCount "44"]
[EventDate "2017.10.21"]
[EventType "team"]
[EventRounds "11"]
[EventCountry "AUT"]
[WhiteTeam "ASVOE Pamhagen 2"]
[BlackTeam "SK Advisory Invest Baden"]

1. d4 Nf6 2. c4 g6 3. Nc3 d5 4. cxd5 Nxd5 5. e4 Nxc3 6. bxc3 Bg7 7. Nf3 c5 8.
Rb1 O-O 9. Be2 cxd4 10. cxd4 Qa5+ 11. Qd2 Qxd2+ 12. Bxd2 b6 13. Rc1 Bb7 14. Bd3
Rd8 15. Ke2 Bxd4 16. Nxd4 Rxd4 17. Rc7 Ba6 18. Bxa6 Rxe4+ 19. Kf3 Nxa6 20. Rxa7
Rxa7 21. Kxe4 Nc5+ 22. Kd5 Rd7+  0-1

[Event "2. Bundesliga Ost 2017/2018"]
[Site "alle Wien"]
[Date "2018.02.24"]
[Round "8"]
[Board "1"]
[White "Jovanovic, Dusan"]
[Black "Zilka, Stepan"]
[Result "0-1"]
[WhiteElo "2379"]
[BlackElo "2527"]
[PlyCount "80"]
[EventDate "2017.10.21"]
[EventType "team"]
[EventRounds "11"]
[EventCountry "AUT"]
[WhiteTeam "SK Sparkasse Bad Voeslau"]
[BlackTeam "Blackburne Nickelsdorf"]

1. Nf3 d5 2. b3 Nf6 3. Bb2 Bg4 4. e3 Nbd7 5. c4 e6 6. Be2 Bd6 7. O-O O-O 8. d4
c6 9. Nbd2 Ne4 10. Nxe4 dxe4 11. Nd2 Bxe2 12. Qxe2 f5 13. f3 exf3 14. gxf3 e5
15. c5 Bc7 16. Nc4 Qe7 17. b4 exd4 18. Bxd4 f4 19. e4 b5 20. Nd6 Bxd6 21. cxd6
Qxd6 22. Qb2 Rf7 23. Rfd1 Qg6+ 24. Kh1 Qh5 25. Qb3 Nb6 26. Bxb6 axb6 27. Rd7 c5
28. Rd5 c4 29. Qc3 Qh3 30. Rg1 Re8 31. e5 Rd7 32. Rd6 Rxd6 33. exd6 Qd7 34. Qd4
Re6 35. Rd1 c3 36. Qxf4 c2 37. Rc1 Re2 38. Kg1 Qh3 39. Qg3 Qxg3+ 40. hxg3 Kf7
 0-1

[Event "2. Bundesliga Ost 2017/2018"]
[Site "alle Wien"]
[Date "2018.02.24"]
[Round "8"]
[Board "2"]
[White "Pinter, Erik"]
[Black "Juhasz, Armin"]
[Result "1-0"]
[WhiteElo "2362"]
[BlackElo "2363"]
[PlyCount "105"]
[EventDate "2017.10.21"]
[EventType "team"]
[EventRounds "11"]
[EventCountry "AUT"]
[WhiteTeam "Blackburne Nickelsdorf"]
[BlackTeam "SK Sparkasse Bad Voeslau"]

1. e4 c6 2. d4 d5 3. e5 Bf5 4. Nf3 e6 5. Be2 Ne7 6. O-O Nd7 7. Nh4 Bg6 8. Nd2
c5 9. c3 Nc6 10. Nxg6 hxg6 11. Nf3 Qb6 12. Rb1 Be7 13. b4 c4 14. Ne1 Qc7 15. f4
b5 16. a4 a6 17. Bg4 Nb6 18. a5 Nd7 19. Nf3 Nf8 20. Rb2 f5 21. Bh3 Nd8 22. Rff2
Nf7 23. Qf1 O-O-O 24. g4 Nh6 25. g5 Nf7 26. Bg2 Nd7 27. Ne1 Rh4 28. Rf3 Rdh8
29. h3 Nf8 30. Be3 Qd7 31. Bf2 R4h7 32. h4 Bd8 33. Rh3 Kb8 34. Rh1 Bc7 35. Bf3
Nd8 36. Nc2 Nc6 37. Ne3 Ne7 38. Be1 Kc8 39. Rbh2 Qe8 40. Rh3 Qf7 41. R1h2 Kd8
42. Qg2 Ke8 43. Qh1 Bd8 44. Re2 Bc7 45. Nxd5 Nxd5 46. Bxd5 exd5 47. e6 Qe7 48.
Qxd5 Qd6 49. Qb7 Nxe6 50. Rhe3 Kd7 51. Rxe6 Qxf4 52. Qc6+ Kc8 53. Re8+  1-0

[Event "2. Bundesliga Ost 2017/2018"]
[Site "alle Wien"]
[Date "2018.02.24"]
[Round "8"]
[Board "3"]
[White "Juhasz, Kristof"]
[Black "Schwarhofer, Christopher"]
[Result "1-0"]
[WhiteElo "2404"]
[BlackElo "2370"]
[PlyCount "115"]
[EventDate "2017.10.21"]
[EventType "team"]
[EventRounds "11"]
[EventCountry "AUT"]
[WhiteTeam "SK Sparkasse Bad Voeslau"]
[BlackTeam "Blackburne Nickelsdorf"]

1. d4 g6 2. e4 Bg7 3. c4 c5 4. Nf3 cxd4 5. Nxd4 Qb6 6. Nb3 Nc6 7. Be2 d6 8. O-O
Nf6 9. Nc3 O-O 10. Be3 Qc7 11. Rc1 Rd8 12. Nd4 Qd7 13. f3 Nh5 14. Qd2 Nxd4 15.
Bxd4 Bxd4+ 16. Qxd4 Nf4 17. Qd2 Nxe2+ 18. Qxe2 b6 19. b3 Bb7 20. Rfe1 Qe6 21.
Nb5 Qe5 22. Qf2 Qc5 23. Qxc5 dxc5 24. Red1 a6 25. Nc3 Bc6 26. Kf2 Kf8 27. Ke3
e6 28. h4 h6 29. e5 Ke7 30. Rxd8 Rxd8 31. Rd1 Rxd1 32. Nxd1 a5 33. Nf2 Kf8 34.
Ng4 Kg7 35. Nf6 Kf8 36. Kd3 h5 37. Ke3 Ke7 38. g4 hxg4 39. fxg4 Kf8 40. Kf4 Kg7
41. Kg5 a4 42. bxa4 Bxa4 43. h5 gxh5 44. gxh5 Bc6 45. h6+ Kh8 46. a3 b5 47.
cxb5 Bxb5 48. Ne4 c4 49. Kf6 Bc6 50. Nc3 Kh7 51. Kxf7 Bd7 52. Ke7 Bc8 53. Kd8
Bb7 54. Kd7 Bd5 55. a4 Kxh6 56. a5 Kg5 57. a6 Kf4 58. Nxd5+  1-0

[Event "2. Bundesliga Ost 2017/2018"]
[Site "alle Wien"]
[Date "2018.02.24"]
[Round "8"]
[Board "5"]
[White "Lampl, Gerald"]
[Black "Vlcek, Stanislav"]
[Result "1/2-1/2"]
[WhiteElo "2108"]
[BlackElo "2258"]
[PlyCount "32"]
[EventDate "2017.10.21"]
[EventType "team"]
[EventRounds "11"]
[EventCountry "AUT"]
[WhiteTeam "SK Sparkasse Bad Voeslau"]
[BlackTeam "Blackburne Nickelsdorf"]

1. d4 Nf6 2. c4 g6 3. Nf3 Bg7 4. g3 O-O 5. Bg2 d6 6. O-O Nbd7 7. Nc3 e5 8. Qc2
Re8 9. Rd1 e4 10. Ne1 Qe7 11. Bg5 h6 12. Nd5 Qd8 13. Bxf6 Nxf6 14. Nxf6+ Qxf6
15. Bxe4 Qe7 16. Bf3 c5  1/2-1/2

[Event "2. Bundesliga Ost 2017/2018"]
[Site "alle Wien"]
[Date "2018.02.24"]
[Round "8"]
[Board "6"]
[White "Bachofner, Christian"]
[Black "Miazhynski, Yuri"]
[Result "0-1"]
[WhiteElo "1991"]
[BlackElo "2156"]
[PlyCount "102"]
[EventDate "2017.10.21"]
[EventType "team"]
[EventRounds "11"]
[EventCountry "AUT"]
[WhiteTeam "Blackburne Nickelsdorf"]
[BlackTeam "SK Sparkasse Bad Voeslau"]

1. e4 c5 2. Nf3 Nc6 3. Nc3 e6 4. d4 cxd4 5. Nxd4 Qc7 6. Be3 a6 7. Bd3 b5 8. O-O
Bb7 9. Kh1 Nf6 10. Nxc6 Bxc6 11. f3 h5 12. Re1 Bd6 13. Bg1 h4 14. Ne2 Nh5 15.
h3 Bg3 16. Rf1 d5 17. exd5 Bxd5 18. a4 b4 19. Qd2 Bd6 20. a5 Ke7 21. Bf2 Ng3+
22. Nxg3 hxg3 23. Bb6 Qb7 24. Rae1 f6 25. Be4 Rh5 26. Re2 Bxe4 27. Rxe4 Rd5 28.
Qe1 Qd7 29. f4 Rc8 30. Qxg3 g5 31. Qb3 Bxf4 32. Qxb4+ Kf7 33. Be3 Rd1 34. Rxd1
Qxd1+ 35. Bg1 Rxc2 36. Qb3 Be5 37. Rc4 Rd2 38. Qb7+ Rd7 39. Qe4 Kg7 40. Rb4 Qd5
41. Qxd5 Rxd5 42. Bb6 Rd1+ 43. Bg1 Bg3 44. Rd4 Rb1 45. Rd2 e5 46. b4 e4 47. Re2
e3 48. b5 axb5 49. a6 Bf2 50. Ra2 e2 51. Rxe2 Bxg1  0-1

[Event "2. Bundesliga Ost 2017/2018"]
[Site "alle Wien"]
[Date "2018.02.24"]
[Round "8"]
[Board "1"]
[White "Pacher, Milan"]
[Black "Stanec, Nikolaus"]
[Result "1-0"]
[WhiteElo "2433"]
[BlackElo "2470"]
[PlyCount "79"]
[EventDate "2017.10.21"]
[EventType "team"]
[EventRounds "11"]
[EventCountry "AUT"]
[WhiteTeam "SK Austria"]
[BlackTeam "SC Donaustadt"]

1. d4 Nf6 2. c4 e6 3. Nf3 d5 4. Nc3 Nbd7 5. Bg5 h6 6. Bh4 Be7 7. e3 Ne4 8. Bxe7
Qxe7 9. cxd5 Nxc3 10. bxc3 exd5 11. Qb3 Nf6 12. c4 c6 13. Ne5 O-O 14. cxd5 Nxd5
15. Bc4 Be6 16. O-O Rfd8 17. a4 Rab8 18. a5 c5 19. Rfd1 cxd4 20. Rxd4 Nf6 21.
Bxe6 Qxe6 22. Qxe6 fxe6 23. Rxd8+ Rxd8 24. f4 Rc8 25. a6 bxa6 26. Rxa6 Rc3 27.
Kf2 Nd5 28. Rxe6 Nxe3 29. g4 Nd5 30. f5 Nf6 31. h4 Rc8 32. Kf3 Re8 33. Nc6 Rxe6
34. fxe6 a6 35. g5 hxg5 36. hxg5 Nd5 37. Ke4 Nc7 38. Ke5 Kh7 39. e7 Ne8 40. Ke6
 1-0

[Event "2. Bundesliga Ost 2017/2018"]
[Site "alle Wien"]
[Date "2018.02.24"]
[Round "8"]
[Board "2"]
[White "Kummer, Helmut"]
[Black "Hangweyrer, Manfred"]
[Result "1/2-1/2"]
[WhiteElo "2285"]
[BlackElo "2370"]
[PlyCount "30"]
[EventDate "2017.10.21"]
[EventType "team"]
[EventRounds "11"]
[EventCountry "AUT"]
[WhiteTeam "SC Donaustadt"]
[BlackTeam "SK Austria"]

1. d4 d5 2. c4 e6 3. Nc3 Nf6 4. Bg5 Be7 5. e3 O-O 6. Nf3 Nbd7 7. Rc1 c6 8. Bd3
dxc4 9. Bxc4 Nd5 10. Bxe7 Qxe7 11. O-O Nxc3 12. Rxc3 e5 13. Nxe5 Nxe5 14. dxe5
Qxe5 15. Qe2 Be6  1/2-1/2

[Event "2. Bundesliga Ost 2017/2018"]
[Site "alle Wien"]
[Date "2018.02.24"]
[Round "8"]
[Board "3"]
[White "Sardy, Peter"]
[Black "Pingitzer, Harald"]
[Result "0-1"]
[WhiteElo "2358"]
[BlackElo "2330"]
[PlyCount "136"]
[EventDate "2017.10.21"]
[EventType "team"]
[EventRounds "11"]
[EventCountry "AUT"]
[WhiteTeam "SK Austria"]
[BlackTeam "SC Donaustadt"]

1. g3 d5 2. Bg2 Nf6 3. c4 c6 4. Nf3 g6 5. b3 Bg7 6. Bb2 O-O 7. O-O b5 8. Qc2
Bb7 9. Nc3 a6 10. d4 Nbd7 11. Rad1 e6 12. Rfe1 b4 13. Na4 Ne4 14. Ne5 Nef6 15.
Nxd7 Nxd7 16. e4 Re8 17. Qd2 a5 18. a3 dxc4 19. bxc4 Ba6 20. d5 Bxb2 21. Qxb2
Nb6 22. dxe6 Nxa4 23. exf7+ Kxf7 24. Qa1 Qe7 25. axb4 Nb6 26. e5 axb4 27. Qd4
Qb7 28. Qh4 Kg8 29. Rd6 Rac8 30. Bh3 Bxc4 31. Bxc8 Qxc8 32. Qd4 Qc7 33. Qc5 Bd5
34. Qxb4 Nc4 35. Rf6 Qe7 36. Qxe7 Rxe7 37. f4 Nd2 38. Ra1 Nf3+ 39. Kf2 Nxh2 40.
Rd6 Ng4+ 41. Ke2 Kg7 42. Kd3 Nf2+ 43. Kd4 Ne4 44. Rxd5 cxd5 45. Ra3 Rd7 46. e6
Rc7 47. Kxd5 Nc3+ 48. Ke5 Nb5 49. Ra8 Rc5+ 50. Ke4 Kf6 51. g4 Rc4+ 52. Kd3 Rxf4
53. Rf8+ Kg5 54. e7 Nd6 55. Rd8 Re4 56. Rxd6 Rxe7 57. Rd4 Re1 58. Kd2 Rg1 59.
Ke2 Rxg4 60. Rd7 h5 61. Kf3 Ra4 62. Kg3 Ra3+ 63. Kg2 h4 64. Rd5+ Kg4 65. Rd4+
Kh5 66. Rd5+ g5 67. Rb5 Rg3+ 68. Kh2 Re3  0-1

[Event "2. Bundesliga Ost 2017/2018"]
[Site "alle Wien"]
[Date "2018.02.24"]
[Round "8"]
[Board "5"]
[White "Iro, Christian"]
[Black "Schwab, Lukas"]
[Result "1/2-1/2"]
[WhiteElo "2035"]
[BlackElo "2196"]
[PlyCount "67"]
[EventDate "2017.10.21"]
[EventType "team"]
[EventRounds "11"]
[EventCountry "AUT"]
[WhiteTeam "SK Austria"]
[BlackTeam "SC Donaustadt"]

1. e4 e5 2. Nf3 Nc6 3. Bb5 a6 4. Bxc6 dxc6 5. O-O Bd6 6. d4 exd4 7. Qxd4 f6 8.
Rd1 Bg4 9. Nc3 Bxf3 10. gxf3 Qe7 11. Ne2 Rd8 12. Bf4 Bxf4 13. Qxd8+ Qxd8 14.
Rxd8+ Kxd8 15. Nxf4 Ke7 16. Rd1 Nh6 17. Kf1 Nf7 18. Ke2 Re8 19. Ke3 Nd6 20. Nd3
Kf7 21. b3 a5 22. Re1 Nf5+ 23. Kf4 Nd4 24. c3 Ne6+ 25. Ke3 b6 26. Rd1 Ng5 27.
Nf4 Ke7 28. h4 Nf7 29. Ne2 Nd6 30. c4 Kf7 31. Ng3 Rd8 32. Rd2 Re8 33. Rd1 Rd8
34. Rd2  1/2-1/2

[Event "2. Bundesliga Ost 2017/2018"]
[Site "alle Wien"]
[Date "2018.02.24"]
[Round "8"]
[Board "6"]
[White "Froewis, Annika"]
[Black "Rogetzer, Klaus"]
[Result "1-0"]
[WhiteElo "2084"]
[BlackElo "2021"]
[PlyCount "63"]
[EventDate "2017.10.21"]
[EventType "team"]
[EventRounds "11"]
[EventCountry "AUT"]
[WhiteTeam "SC Donaustadt"]
[BlackTeam "SK Austria"]

1. e4 d5 2. exd5 Qxd5 3. Nc3 Qd8 4. d4 Nf6 5. Bc4 c6 6. Nf3 Bf5 7. Ne5 e6 8. g4
Be4 9. O-O Bd5 10. Bd3 Nbd7 11. f4 Qb6 12. Be3 h5 13. gxh5 Rxh5 14. Nxd7 Kxd7
15. Na4 Qa5 16. c4 Be4 17. Bxe4 Rh4 18. Nc5+ Kc7 19. Bf3 Bd6 20. b4 Qa3 21. Qd3
Qb2 22. Qe2 Qxe2 23. Bxe2 Rah8 24. Rf2 Rh3 25. Bf3 R8h4 26. Re1 g5 27. fxg5 Nh7
28. Bg2 Bxh2+ 29. Kf1 Bg3 30. Rxf7+ Kd8 31. Bxh3 Rxh3 32. Kg2  1-0

[Event "2. Bundesliga Ost 2017/2018"]
[Site "alle Wien"]
[Date "2018.02.24"]
[Round "8"]
[Board "1"]
[White "Burlacu, Bogdan"]
[Black "Polak, Tomas"]
[Result "1/2-1/2"]
[WhiteElo "2293"]
[BlackElo "2503"]
[PlyCount "75"]
[EventDate "2017.10.21"]
[EventType "team"]
[EventRounds "11"]
[EventCountry "AUT"]
[WhiteTeam "SK Mostarrichi"]
[BlackTeam "SK Hietzing"]

1. e4 c5 2. Nf3 g6 3. g3 Bg7 4. Bg2 Nc6 5. O-O Nf6 6. d3 d5 7. exd5 Nxd5 8. Re1
O-O 9. Nbd2 b6 10. a4 Bb7 11. Nc4 Qc7 12. c3 e6 13. h4 h6 14. Qb3 Rab8 15. a5
Rfd8 16. axb6 axb6 17. Bd2 Ba8 18. d4 cxd4 19. cxd4 b5 20. Nce5 Nxe5 21. Nxe5
Rdc8 22. Nxg6 fxg6 23. Rxe6 Qc4 24. Qxc4 Rxc4 25. Rxa8 Rxa8 26. Bxd5 Rxd4 27.
Re8+ Kh7 28. Bg8+ Kh8 29. Rxa8 Rxd2 30. Bc4+ Kh7 31. Bg8+ Kh8 32. Bc4+ Kh7 33.
Bxb5 Rxb2 34. Bd3 Bd4 35. Rf8 Kg7 36. Rf4 Bf6 37. Ra4 Rb7 38. Ra6  1/2-1/2

[Event "2. Bundesliga Ost 2017/2018"]
[Site "alle Wien"]
[Date "2018.02.24"]
[Round "8"]
[Board "2"]
[White "Pisk, Petr"]
[Black "Hofmann, Thomas"]
[Result "1/2-1/2"]
[WhiteElo "2333"]
[BlackElo "2304"]
[PlyCount "53"]
[EventDate "2017.10.21"]
[EventType "team"]
[EventRounds "11"]
[EventCountry "AUT"]
[WhiteTeam "SK Hietzing"]
[BlackTeam "SK Mostarrichi"]

1. e4 c5 2. Nf3 e6 3. g3 Nc6 4. Bg2 e5 5. O-O g6 6. a3 Bg7 7. b4 b6 8. Nc3 Nge7
9. Rb1 d6 10. d3 O-O 11. Nd5 Nxd5 12. exd5 Ne7 13. c4 h6 14. Bd2 Bf5 15. Qe2
Qd7 16. Nh4 Bg4 17. f3 Bh3 18. Bxh3 Qxh3 19. bxc5 bxc5 20. Rb7 Rfe8 21. Rfb1 g5
22. Ng2 Nf5 23. Qe4 Nd4 24. Bc3 f5 25. Qe3 Bf6 26. Bxd4 exd4 27. Qf2  1/2-1/2

[Event "2. Bundesliga Ost 2017/2018"]
[Site "alle Wien"]
[Date "2018.02.24"]
[Round "8"]
[Board "3"]
[White "Ehs, Dominik"]
[Black "Penz, Harald"]
[Result "1/2-1/2"]
[WhiteElo "2082"]
[BlackElo "2311"]
[PlyCount "60"]
[EventDate "2017.10.21"]
[EventType "team"]
[EventRounds "11"]
[EventCountry "AUT"]
[WhiteTeam "SK Mostarrichi"]
[BlackTeam "SK Hietzing"]

1. e4 e5 2. Nf3 Nf6 3. Nxe5 d6 4. Nf3 Nxe4 5. d4 d5 6. Bd3 Nc6 7. O-O Be7 8. c4
Nb4 9. Be2 dxc4 10. Bxc4 O-O 11. Nc3 Nd6 12. Bb3 Bg4 13. h3 Bxf3 14. Qxf3 Nc6
15. Rd1 Bf6 16. Be3 g6 17. Nd5 Bg7 18. Qg3 Nf5 19. Qxc7 Ncxd4 20. Bxd4 Nxd4 21.
Qxb7 Qg5 22. Qe7 Qxe7 23. Nxe7+ Kh8 24. Nd5 Rab8 25. Ne3 Nxb3 26. axb3 Bxb2 27.
Rxa7 Rxb3 28. Rdd7 Kg8 29. Nc4 Rb4 30. Nxb2 Rxb2  1/2-1/2

[Event "2. Bundesliga Ost 2017/2018"]
[Site "alle Wien"]
[Date "2018.02.24"]
[Round "8"]
[Board "4"]
[White "Vyskocil, Neklan"]
[Black "Steiner, Heinz"]
[Result "1-0"]
[WhiteElo "2316"]
[BlackElo "2141"]
[PlyCount "87"]
[EventDate "2017.10.21"]
[EventType "team"]
[EventRounds "11"]
[EventCountry "AUT"]
[WhiteTeam "SK Hietzing"]
[BlackTeam "SK Mostarrichi"]

1. e4 c5 2. Nf3 e6 3. c4 d6 4. d4 cxd4 5. Nxd4 Nf6 6. Nc3 a6 7. g3 Be7 8. Bg2
O-O 9. O-O Nbd7 10. Be3 Ne5 11. b3 Bd7 12. h3 Rc8 13. Rc1 Qa5 14. a4 Rfd8 15.
Qd2 Bf8 16. f4 Nc6 17. Qf2 Qb4 18. Qb2 Qb6 19. Rfd1 Na5 20. Rb1 Qc7 21. Qf2 Qb8
22. Nde2 Nc6 23. Bb6 Re8 24. Kh2 Ne7 25. Rd3 Ng6 26. Rbd1 Bc6 27. a5 Nd7 28.
Ba7 Qc7 29. b4 Nf6 30. Bb6 Qb8 31. b5 axb5 32. cxb5 Bd7 33. e5 Nd5 34. Nxd5
exd5 35. Rxd5 Be6 36. R5d2 Bc4 37. Ba7 Qc7 38. b6 Qd7 39. exd6 Rxe2 40. Rxe2
Bxe2 41. Qxe2 Bxd6 42. Qd2 Rd8 43. a6 h5 44. Qxd6  1-0

[Event "2. Bundesliga Ost 2017/2018"]
[Site "alle Wien"]
[Date "2018.02.24"]
[Round "8"]
[Board "5"]
[White "Rechberger, Franz"]
[Black "Djeno, Drago"]
[Result "0-1"]
[WhiteElo "2141"]
[BlackElo "2238"]
[PlyCount "72"]
[EventDate "2017.10.21"]
[EventType "team"]
[EventRounds "11"]
[EventCountry "AUT"]
[WhiteTeam "SK Mostarrichi"]
[BlackTeam "SK Hietzing"]

1. d4 Nf6 2. c4 g6 3. Nc3 c5 4. d5 d6 5. e4 Bg7 6. Be2 O-O 7. Nf3 Na6 8. O-O
Nc7 9. Re1 a6 10. Bf4 b5 11. Nd2 b4 12. Na4 e5 13. Bg5 Nce8 14. b3 h6 15. Be3
Kh7 16. a3 bxa3 17. Rxa3 h5 18. f3 Bh6 19. Bf2 Qc7 20. Qc2 Ng8 21. Rb1 Rb8 22.
Nb2 f5 23. Nd3 Ngf6 24. exf5 gxf5 25. b4 e4 26. fxe4 Nxe4 27. Be1 cxb4 28. Rab3
a5 29. Nxe4 fxe4 30. Nf2 Qc5 31. Qxe4+ Bf5 32. Qe7+ Ng7 33. Bd3 Rbe8 34. Bxf5+
Rxf5 35. Qh4 Rf4 36. Qh3 Rxe1+  0-1

[Event "2. Bundesliga Ost 2017/2018"]
[Site "alle Wien"]
[Date "2018.02.24"]
[Round "8"]
[Board "6"]
[White "Belke, Frank"]
[Black "Gaertner, Markus"]
[Result "1-0"]
[WhiteElo "2299"]
[BlackElo "2077"]
[PlyCount "31"]
[EventDate "2017.10.21"]
[EventType "team"]
[EventRounds "11"]
[EventCountry "AUT"]
[WhiteTeam "SK Hietzing"]
[BlackTeam "SK Mostarrichi"]

1. d4 d5 2. c4 c6 3. Nf3 Nf6 4. Nc3 e6 5. Bg5 Nbd7 6. e3 h6 7. Bh4 Bd6 8. Qc2
O-O 9. a3 e5 10. cxd5 exd4 11. Nxd4 cxd5 12. Nxd5 g5 13. Nxf6+ Nxf6 14. Bg3
Qa5+ 15. Qc3 Bb4 16. Qxb4  1-0

[Event "2. Bundesliga Ost 2017/2018"]
[Site "alle Wien"]
[Date "2018.02.24"]
[Round "8"]
[Board "1"]
[White "Lizak, Peter"]
[Black "Gstach, Jakob"]
[Result "1-0"]
[WhiteElo "2451"]
[BlackElo "2285"]
[PlyCount "63"]
[EventDate "2017.10.21"]
[EventType "team"]
[EventRounds "11"]
[EventCountry "AUT"]
[WhiteTeam "SC Data Technology Pressbaum/E."]
[BlackTeam "L.A. Kraftanlage Ottakring 2"]

1. d4 g6 2. e4 Bg7 3. Nc3 d6 4. Nf3 a6 5. Bc4 e6 6. O-O Ne7 7. Bb3 O-O 8. Bf4
h6 9. Re1 b6 10. h4 Nd7 11. Qd2 Kh7 12. Rad1 Bb7 13. Qe3 Nf6 14. Nd2 Rc8 15.
Qh3 Nh5 16. Be3 c5 17. dxc5 bxc5 18. Ne2 d5 19. exd5 exd5 20. c3 Nf5 21. Nf3
Nxe3 22. fxe3 Re8 23. Nf4 Nxf4 24. exf4 c4 25. Ba4 Rxe1+ 26. Rxe1 d4 27. Re8
dxc3 28. Rxd8 Rxd8 29. bxc3 Rd3 30. h5 Bxc3 31. hxg6+ fxg6 32. f5  1-0

[Event "2. Bundesliga Ost 2017/2018"]
[Site "alle Wien"]
[Date "2018.02.24"]
[Round "8"]
[Board "2"]
[White "Steiner, Adam"]
[Black "Videki, Sandor"]
[Result "1/2-1/2"]
[WhiteElo "2179"]
[BlackElo "2416"]
[PlyCount "178"]
[EventDate "2017.10.21"]
[EventType "team"]
[EventRounds "11"]
[EventCountry "AUT"]
[WhiteTeam "L.A. Kraftanlage Ottakring 2"]
[BlackTeam "SC Data Technology Pressbaum/E."]

1. e4 g6 2. d4 Bg7 3. Nc3 d6 4. f4 Nf6 5. Nf3 O-O 6. e5 dxe5 7. fxe5 Nd5 8. Bc4
Nxc3 9. bxc3 c5 10. Ng5 Nc6 11. O-O e6 12. Be3 Qc7 13. Qg4 cxd4 14. cxd4 Nb4
15. Bb3 Nd5 16. Bd2 f5 17. exf6 Nxf6 18. Qh4 h5 19. Bf4 Qb6 20. Be5 Bd7 21. Nh3
Qd8 22. Qg5 Kh7 23. Rae1 Ng8 24. Qg3 Bh6 25. Rxf8 Qxf8 26. Ng5+ Bxg5 27. Qxg5
Qf5 28. Qd2 Rf8 29. Bc4 Qg4 30. Be2 Qh4 31. Rf1 Rxf1+ 32. Bxf1 Bc6 33. Qf2
Qxf2+ 34. Kxf2 Nh6 35. h3 Kg8 36. Be2 Kf7 37. g4 hxg4 38. hxg4 Ng8 39. Ke3 g5
40. c4 a6 41. Kd2 Ne7 42. Kc3 Ng6 43. Bc7 Ke7 44. Kb4 Kd7 45. Bb6 Nf4 46. Bd1
Nd3+ 47. Kc3 Nf2 48. Be2 Nh3 49. Bc5 Nf4 50. Bd1 Ng6 51. Kd2 b5 52. cxb5 axb5
53. Kc3 e5 54. dxe5 Nxe5 55. Be2 Bf3 56. Bxb5+ Kc7 57. Be3 Bxg4 58. Bxg5 Kb6
59. Bf1 Be6 60. Be3+ Kb7 61. a4 Nc6 62. Bg2 Kc7 63. Bf2 Bf7 64. Bc5 Be6 65. Be4
Bf7 66. Kb2 Be6 67. Ka3 Bf7 68. Be3 Be6 69. Bd2 Bf7 70. a5 Nxa5 71. Bxa5+ Kd6
72. Bc3 Bd5 73. Bg6 Kc5 74. Kb2 Bc4 75. Bg7 Bd5 76. Kc3 Bf3 77. Bf7 Bd5 78.
Bf8+ Kc6 79. Be8+ Kc7 80. Kd4 Bc6 81. Bg6 Kb6 82. Be7 Bf3 83. Kc4 Kc6 84. Be8+
Kb6 85. Bd8+ Kb7 86. Kc5 Bg2 87. Bb5 Bf3 88. Ba5 Bg2 89. Bc6+ Bxc6  1/2-1/2

[Event "2. Bundesliga Ost 2017/2018"]
[Site "alle Wien"]
[Date "2018.02.24"]
[Round "8"]
[Board "3"]
[White "Rumpl, Erwin"]
[Black "Steindl, Johannes"]
[Result "1/2-1/2"]
[WhiteElo "2267"]
[BlackElo "2236"]
[PlyCount "108"]
[EventDate "2017.10.21"]
[EventType "team"]
[EventRounds "11"]
[EventCountry "AUT"]
[WhiteTeam "SC Data Technology Pressbaum/E."]
[BlackTeam "L.A. Kraftanlage Ottakring 2"]

1. Nf3 Nf6 2. g3 g6 3. b3 Bg7 4. Bb2 O-O 5. Bg2 d6 6. d4 Nc6 7. O-O Rb8 8. Nbd2
Bf5 9. Re1 Qc8 10. c4 e5 11. dxe5 Nd7 12. Qc1 dxe5 13. Nh4 Be6 14. Bxc6 bxc6
15. f4 f5 16. fxe5 f4 17. Ndf3 fxg3 18. hxg3 Qd8 19. Nd4 Qe7 20. Ba3 c5 21. Nc6
Qf7 22. Rf1 Qxf1+ 23. Qxf1 Rxf1+ 24. Rxf1 Rb6 25. Ne7+ Kh8 26. Kg2 Bxe5 27. Bc1
Kg7 28. Nf3 Bf6 29. Bg5 Ra6 30. Bxf6+ Kxf6 31. Nd5+ Bxd5 32. cxd5 Rxa2 33. Rf2
Ke7 34. Ng5 Nf6 35. Kf1 h6 36. Ne6 Nxd5 37. Nxc5 Ne3+ 38. Ke1 Nc2+ 39. Kd2 Nd4+
40. Kd3 Nc6 41. Rf4 Ne5+ 42. Ke3 Rc2 43. Nd3 Nxd3 44. Kxd3 Rb2 45. Re4+ Kd7 46.
Kc3 Rb1 47. Rg4 g5 48. Rd4+ Kc6 49. g4 Rg1 50. e3 Rg3 51. Kd3 Kc5 52. Rc4+ Kd6
53. Rd4+ Kc5 54. Rc4+ Kb6  1/2-1/2